JAKIE URZĄDZENIA PODŁĄCZAMY DO KOMPUTERA - Statystyki

Ogólne statystyki
  • Ten quiz został rozwiązany 275 razy
  • Średni wynik to 5 z 9
Statystyki odpowiedzi
Liczba Pytań: ▼ Odpowiedzi: ▼ % Poprawnych
1. Mysz
98%
9. Monitor
77%
4. Słuchawki
73%
5. Pendrive
61%
6. Głośniki
59%
7. Mikrofon
45%
2. Klawiaturę
42%
8. Drukarkę
27%
3. Kamerkę
16%
Nie znaleziono quizów pasujących do podanych kryteriów
Rozkład punktacji
Procent ludzi z każdym wynikiem
Percentyl według liczby udzielonych odpowiedzi
Twoja historia wyników
Nie rozwiązałeś tego quizu